| 000 | 01198nam a2200349 a 4500 | ||
|---|---|---|---|
| 003 | AR-BaBNM | ||
| 005 | 20251128203940.0 | ||
| 008 | 082120s2002 ||||||||||||||000 | spa|| | ||
| 020 | _a84-7112-374-6 | ||
| 040 | _cAR-BaBNM | ||
| 245 | 0 | 0 |
_aHistoria de la educación en España y América _bla educación en la hispania antigua y medieval _n1 |
| 260 |
_aMadrid _bEdiciones SM _bEdiciones Morata _c1992 |
||
| 300 | _a686 p. | ||
| 500 | _aLa presente obra fue patrocinada por Fundación Santa María | ||
| 500 | _aIndice onomástico p. 671-686 | ||
| 500 | _aPresentación por Buenaventura Delgado | ||
| 500 | _aLos colaboradores del presente tomo son profesores de universidades de españolas y extranjeras | ||
| 650 | 4 | _aHISTORIA DE LA EDUCACION | |
| 650 | 4 | _aHISTORIA ANTIGUA | |
| 650 | 4 | _aHISTORIA MEDIEVAL | |
| 650 | 4 | _aHISTORIA ARABE | |
| 650 | 4 | _aHISTORIA BIZANTINA | |
| 650 | 4 | _aHUMANISMO | |
| 650 | 4 | _aRENACIMIENTO | |
| 650 | 4 | _aESCUELAS CONFESIONALES | |
| 650 | 4 | _aARTESANOS | |
| 650 | 4 | _aUNIVERSIDADES E INSTITUTOS DE ENSEÑANZA SUPERIOR | |
| 650 | 4 | _aEDUCACION DEL HOMBRE | |
| 700 | 1 |
_aDelgado Criado, Buenaventura _ecoordinador |
|
| 942 | _cBK | ||
| 998 | _cCarmen | ||
| 999 |
_c5579 _d5579 |
||